Statistics for People Named Patrick

Click here to take the quiz!

General Stats

  • This quiz has been taken 12,762 times
    (9,668 since last reset)
  • The average score is 8 of 18

Answer Stats

Hint Answer % Correct
Converted the Irish to ChristianitySt. Patrick
95%
"Ghost" and "Dirty Dancing" starPatrick Swayze
85%
Captain Jean-Luc PicardSir Patrick Stewart
69%
Spongebob's best friendPatrick Star
64%
Hit her with your best shotPat Benatar
50%
"Wheel of Fortune" hostPat Sajak
47%
Former New York Knicks centerPatrick Ewing
47%
Female IndyCar driverDanica Patrick
45%
Give him liberty or give him death!Patrick Henry
36%
McDreamyPatrick Dempsey
35%
Former First LadyPat Nixon
32%
Squeaky-clean singer of the 1950'sPat Boone
27%
Main character of "American Psycho"Patrick Bateman
23%
NFL player who fought in AfghanistanPat Tillman
23%
J.R. Ewing's brother on "Dallas"Patrick Duffy
22%
Mr. MiyagiPat Morita
22%
"700 Club" preacher
and apocalypse predictor
Pat Robertson
20%
Billy the Kid's nemesisPat Garrett
18%

Score Distribution

Percentile by Number Answered

Percent of People with Each Score

Your Score History

You have not taken this quiz since the last reset